Giáo trình xác suất thống kê

Giáo trình này cung cấp cho bạn đọc ở bậc đại học, khối kiến thức kỹ thuật, kinh tế, nông nghiệp,..có tài liệu tham khảo, học tập, ứng dụng trong nghiên cứu khoa học lĩnh vực của mình. Giáo trình này gồm 6 chương: Chương 1: Xác suất công th...

全面介紹

Đã lưu trong:
書目詳細資料
主要作者: Võ Văn Tài Chủ biên
其他作者: Dương Thị Tuyền
格式: 圖書
語言:Vietnamese
出版: Càn Thơ Đại học Cần Thơ 2022
版:Tái bản lần thứ tư
主題:
標簽: 添加標簽
沒有標簽, 成為第一個標記此記錄!
Thư viện lưu trữ: Thư viện Trường Đại học Nam Cần Thơ
LEADER 01372nam a22002177a 4500
001 NCT_151607
008 230607b xxu||||| |||| 00| 0 vie d
999 |c 7841  |d 7841 
020 |a 9786049658877  |c 40000 
082 0 4 |2 23rd ed.  |a 519.5  |b T103 
100 1 |a Võ Văn Tài  |d Chủ biên 
245 1 0 |a Giáo trình xác suất thống kê   |c Võ Văn Tài (Chủ biên), Dương Thị Tuyền 
250 |a Tái bản lần thứ tư 
260 |a Càn Thơ  |b Đại học Cần Thơ  |c 2022 
300 |a 191 tr.  |b Minh họa  |c 24cm 
520 3 |a Giáo trình này cung cấp cho bạn đọc ở bậc đại học, khối kiến thức kỹ thuật, kinh tế, nông nghiệp,..có tài liệu tham khảo, học tập, ứng dụng trong nghiên cứu khoa học lĩnh vực của mình. Giáo trình này gồm 6 chương: Chương 1: Xác suất công thức tính xác suất Chương 2: Biến cố ngẫu nhiên và một số luật phối xác suất thông dụng ..... 
653 |a Cơ bản 
700 1 |a Dương Thị Tuyền 
942 |2 ddc  |c BK 
952 |0 0  |1 0  |2 ddc  |4 0  |6 519_500000000000000_T103  |7 0  |9 27832  |a 000001  |b 000001  |d 2023-06-07  |o 519.5 T103  |p MD.21877  |r 2023-06-07  |t 40000  |w 2023-06-07  |y BK 
980 |a Thư viện Trường Đại học Nam Cần Thơ